| 000 | 01120nam a2200289 i 4500 | ||
|---|---|---|---|
| 003 | EG-ScBUE | ||
| 005 | 20240204154330.0 | ||
| 008 | 110828s1997 ua f b 000 0 ara d | ||
| 017 | _a1997 / 4547 | ||
| 020 | _a9770151572 | ||
| 040 |
_aEG-ScBUE _bara _erda _cEG-ScBUE _dEG-ScBUE |
||
| 043 | _af-ua--- | ||
| 082 | 0 | 4 |
_222 _a962.054 _bش ك ر |
| 100 | 1 |
_926935 _aشكري، غالي، _eمؤلف. |
|
| 245 | 1 | 2 |
_aالثورة المضادة في مصر / _cالدكتور غالي شكري. |
| 264 | 1 |
_aالقاهرة : _bالهيئة المصرية العامة للكتاب، _c[1997] |
|
| 300 |
_a539 صفحة ؛ _c24 سم |
||
| 336 |
_2rdacontent _aنص _btxt |
||
| 337 |
_aبدون وسيط _2rdamedia _bn |
||
| 338 |
_aمجلد _bnc _2rdacarrier |
||
| 504 | _aيشتمل على إرجاعات ببليوجرافية. | ||
| 651 | 7 |
_2BUEsh _aمصر _xتاريخ _yالعصر الحديث _yأنور السادات (1970-1981). |
|
| 651 | 7 |
_2BUEsh _aمصر _xأحوال سياسية _yالعصر الحديث _yأنور السادات (1970-1981). |
|
| 653 | _cAugust2011 | ||
| 655 | _vReading book | ||
| 942 |
_2ddc _cBB |
||
| 999 |
_c15930 _d15930 |
||